000 00408nam a2200121Ia 4500
008 220620s9999||||xx |||||||||||||| ||und||
245 0 _aNumerical Simulation
_bFrom Brain Imaging to Turbulent Flows
546 _aEnglish[eng]
650 _aComputer modelling & simulation
700 _aLopez-Ruiz, Ricardo
856 _uhttps://mts.intechopen.com/storage/books/5198/authors_book/authors_book.pdf
942 _cEB
999 _c22512
_d22512